संस्कृति-संस्कार-सरोवर / (Record no. 119183)

MARC details
000 -LEADER
fixed length control field 01194nam a22002897a 4500
003 - CONTROL NUMBER IDENTIFIER
control field dpl
005 - DATE AND TIME OF LATEST TRANSACTION
control field 20190502153524.0
008 - FIXED-LENGTH DATA ELEMENTS--GENERAL INFORMATION
fixed length control field 190502b ||||| |||| 00| 0 eng d
010 ## - LIBRARY OF CONGRESS CONTROL NUMBER
LC control number B-175394
020 ## - INTERNATIONAL STANDARD BOOK NUMBER
Terms of availability 100.00
035 ## - SYSTEM CONTROL NUMBER
System control number B-175394, B-175404
037 ## - SOURCE OF ACQUISITION
Source of stock number/acquisition Cen Lib/Ret
040 ## - CATALOGING SOURCE
Original cataloging agency DPL
Language of cataloging HN
Transcribing agency 0
082 ## - DEWEY DECIMAL CLASSIFICATION NUMBER
Classification number 306.0954
Item number शर्माच
100 ## - MAIN ENTRY--PERSONAL NAME
Personal name शर्मा, चन्द्र भानु
9 (RLIN) 83725
245 ## - TITLE STATEMENT
Title संस्कृति-संस्कार-सरोवर /
Statement of responsibility, etc चन्द्र भानु शर्मा
246 ## - VARYING FORM OF TITLE
Title proper/short title Sanskriti-sanskar-sarovar /
Remainder of title by Chandra Bhanu Sharma
250 ## - EDITION STATEMENT
Edition statement द्वितीय संस्करण
260 ## - PUBLICATION, DISTRIBUTION, ETC. (IMPRINT)
Name of publisher, distributor, etc समता प्रकाशन
Place of publication, distribution, etc दिल्ली
270 ## - ADDRESS
City दिल्ली
Postal code 110032
Address 30/64, गली नं.8, विश्वास नगर, शाहदरा
300 ## - PHYSICAL DESCRIPTION
Extent 169पृ.
Dimensions 21सेमी(सजिल्द)
650 ## - SUBJECT ADDED ENTRY--TOPICAL TERM
Topical term or geographic name as entry element इस्लाम -- धर्म
9 (RLIN) 1413
650 ## - SUBJECT ADDED ENTRY--TOPICAL TERM
Topical term or geographic name as entry element सिख -- धर्म
9 (RLIN) 3671
650 ## - SUBJECT ADDED ENTRY--TOPICAL TERM
Topical term or geographic name as entry element Islam - Religion
9 (RLIN) 830
650 ## - SUBJECT ADDED ENTRY--TOPICAL TERM
Topical term or geographic name as entry element Sikh - Religion
9 (RLIN) 79271
942 ## - ADDED ENTRY ELEMENTS (KOHA)
Source of classification or shelving scheme Dewey Decimal Classification
Koha item type Hindi Books
Classification part 306.0954
Call number suffix शर्माच
Holdings
Withdrawn status Lost status Damaged status Not for loan Home library Current library Date acquired Source of acquisition Cost, normal purchase price Total Checkouts Full call number Barcode Date last seen Copy number Cost, replacement price Price effective from Koha item type Source of classification or shelving scheme Collection code Date checked out
        Central Library Central Library 15/09/2015 Cen Lib/Ret 100.00   306.0954 शर्माच B-175394 15/09/2015 1 100.00 15/09/2015 Hindi Books      
        Shahdara Branch Shahdara Branch 02/05/2019 BPPD/PUB 100.00 1 306.0954 शर्माच B-175404 15/05/2019   100.00 02/05/2019 Hindi Books Dewey Decimal Classification Non-fiction 03/05/2019

© Delhi Public Library
Hit Counter
free hit counter